5HLuxD.jpg

KING HENRY VIII SENIOR AND PRIMARY SCHOOL LIBRARY OPAC

IGCSE Malay Reading Model Paper 2 Volume 4 / (Record no. 2643)

000 -LEADER
fixed length control field 00591nam a22002057a 4500
003 - CONTROL NUMBER IDENTIFIER
control field OSt
005 - DATE AND TIME OF LATEST TRANSACTION
control field 20230802151647.0
008 - FIXED-LENGTH DATA ELEMENTS--GENERAL INFORMATION
fixed length control field 230802b ||||| |||| 00| 0 eng d
020 ## - INTERNATIONAL STANDARD BOOK NUMBER
International Standard Book Number 9789672868361
040 ## - CATALOGING SOURCE
Transcribing agency KH8
082 ## - DEWEY DECIMAL CLASSIFICATION NUMBER
Classification number 400 SYA
100 ## - MAIN ENTRY--PERSONAL NAME
Personal name Syahril Othman,
Relator term author.
245 ## - TITLE STATEMENT
Title IGCSE Malay Reading Model Paper 2 Volume 4 /
Statement of responsibility, etc. Syahril Othman.
260 ## - PUBLICATION, DISTRIBUTION, ETC.
Place of publication, distribution, etc. Malaysia:
Name of publisher, distributor, etc. Syahril Education Enterprise.
300 ## - PHYSICAL DESCRIPTION
Extent 100 pages,
Other physical details illustrations.
440 ## - SERIES STATEMENT/ADDED ENTRY--TITLE
Title IGCSE Malay Reading
Number of part/section of a work 2
Volume/sequential designation 4
651 ## - SUBJECT ADDED ENTRY--GEOGRAPHIC NAME
Geographic name Malaysia
Form subdivision Malay language
651 ## - SUBJECT ADDED ENTRY--GEOGRAPHIC NAME
Geographic name Malaysia
Form subdivision Malay grammar
942 ## - ADDED ENTRY ELEMENTS (KOHA)
Source of classification or shelving scheme
Koha item type Teaching Resources
Holdings
Withdrawn status Lost status Source of classification or shelving scheme Damaged status Not for loan Collection code Permanent Location Current Location Shelving location Date acquired Total Checkouts Full call number Barcode Date last seen Date last checked out Price effective from Koha item type
          Teaching Resources KH8 Senior School Library KH8 Senior School Library Staff Office 2023-08-02 1 400 SYA TRKHSL001414 2025-07-04 2024-11-19 2023-08-02 Teaching Resources

Powered By KH8 IT Dept